Elias' modern dictionary. : English-Arabic /

Bibliographic Details
Main Author: Elias, Elias Antoon
Format: Book
Language:English
Arabic
Published: Cairo (Egypt) : Elias' modern press, 1929.
Edition:3d. ed., entirely recast and enl.
Subjects:

MARC

Tag First Indicator Second Indicator Subfields
LEADER 00000cam a2200000 4500
001 in00000014334
005 20151007052206.0
008 870105s1929 ua a 00010 eng
010 |a  45027578  
035 |a (OCoLC)15263651 
035 |9 AAA6699AM 
040 |a DLC  |c BNG  |d TXA  |d UtOrBLW 
041 0 |a eng  |a ara 
049 |a TXAM  |c [A12569481] 
050 0 0 |a PJ6640  |b .E6 1929 
100 1 |a Elias, Elias Antoon. 
245 1 0 |a Elias' modern dictionary. :  |b English-Arabic /  |c by Elias A. Elias. 
250 |a 3d. ed., entirely recast and enl. 
264 1 |a Cairo (Egypt) :  |b Elias' modern press,  |c 1929. 
300 |a iii, 702 pages :  |b illustrations ;  |c 25 cm. 
336 |a text  |b txt  |2 rdacontent 
337 |a unmediated  |b n  |2 rdamedia 
338 |a volume  |b nc  |2 rdacarrier 
500 |a Title in Arabic at head of title page. 
500 |a "First edition...1913...Third...1929" 
650 0 |a English language  |v Dictionaries  |x Arabic. 
740 0 |a Modern dictionary. 
999 |a MARS 
999 f f |s c7e7d227-1fce-3989-adc1-078f67144842  |i f5d042c7-22f4-3ea8-89e3-d15f277956b6  |t 0 
952 f f |p ric  |a Texas A&M University  |b Rellis Campus  |c Joint Library Facility  |d Remote Storage  |t 0  |e PJ6640 .E6 1929  |h Library of Congress classification  |i unmediated -- volume  |m A14812569481 
998 f f |a PJ6640 .E6 1929  |t 0  |l Remote Storage